| 000 | 00721nam a22002292 4500 | ||
|---|---|---|---|
| 001 | 0000021240 | ||
| 005 | 20151217154453.0 | ||
| 008 | 120207s xx 000 0 eng d | ||
| 020 | _a1847873811 : | ||
| 040 |
_aKABU _cKABU |
||
| 100 | 1 |
_aHodkinson, Alan. _@0000182033 |
|
| 245 | 1 | 0 |
_aKey issues in special educational needs and inclusion / _cAlan Hodkinson, Philip Vickerman. |
| 250 | _a1st ed. | ||
| 260 |
_aLos Angeles : _bSage, _c2009. |
||
| 300 | _ax,188 p. | ||
| 650 | 0 |
_aInclusive _xEducation. _@0000182034 |
|
| 650 | 0 |
_aSpecial _xEducation. _@0000182035 |
|
| 700 | 1 |
_aVickerman, Philip. _@0000182036 |
|
| 852 | 1 | _9p4366.40 KES | |
| 908 | _a120207 | ||
| 950 | _@1 | ||
| 999 |
_c11418 _d11418 |
||